SHINIG LIKE STARS; (Record no. 6253)
[ view plain ]
| 000 -LEADER | |
|---|---|
| fixed length control field | 00413nam a22001457a 4500 |
| 005 - DATE AND TIME OF LATEST TRANSACTION | |
| control field | 20250604122314.0 |
| 008 - FIXED-LENGTH DATA ELEMENTS--GENERAL INFORMATION | |
| fixed length control field | 250604b |||||||| |||| 00| 0 eng d |
| 020 ## - INTERNATIONAL STANDARD BOOK NUMBER | |
| International Standard Book Number | 9781844741670 |
| 050 ## - LIBRARY OF CONGRESS CALL NUMBER | |
| Classification number | BV3765 |
| Item number | BRO |
| 100 ## - MAIN ENTRY--PERSONAL NAME | |
| Personal name | BROWN LINDSAY |
| 245 ## - TITLE STATEMENT | |
| Title | SHINIG LIKE STARS; |
| Remainder of title | THE POWER OF THE GOSPEL IN HE WORLD'S UNIVERSITIES |
| 260 ## - PUBLICATION, DISTRIBUTION, ETC. | |
| Place of publication, distribution, etc. | NOTTINGHAM |
| Name of publisher, distributor, etc. | INTER-VARSITY PRESS |
| Date of publication, distribution, etc. | c2008 |
| 300 ## - PHYSICAL DESCRIPTION | |
| Extent | 223p |
| 942 ## - ADDED ENTRY ELEMENTS (KOHA) | |
| Source of classification or shelving scheme | Library of Congress Classification |
| Koha item type | Books |
| Suppress in OPAC | No |
| 999 ## - | |
| -- | 6253 |
| -- | 6253 |
| Withdrawn status | Lost status | Source of classification or shelving scheme | Damaged status | Not for loan | Collection | Home library | Current library | Shelving location | Date acquired | Total checkouts | Full call number | Barcode | Date last seen | Copy number | Price effective from | Koha item type |
|---|---|---|---|---|---|---|---|---|---|---|---|---|---|---|---|---|
| Library of Congress Classification | Non-fiction | Undergraduate Library (Christ Temple) | Undergraduate Library (Christ Temple) | General stacks | 06/04/2025 | BV3795 BRO | ulct00002994 | 06/04/2025 | 1 | 05/31/2025 | Books |